Divorced not dead / (Record no. 492678)
[ view plain ]
| 000 -LEADER | |
|---|---|
| fixed length control field | 00857nam a22002177a 4500 |
| 003 - CONTROL NUMBER IDENTIFIER | |
| control field | OSt |
| 005 - DATE AND TIME OF LATEST TRANSACTION | |
| control field | 20260511153241.0 |
| 008 - FIXED-LENGTH DATA ELEMENTS--GENERAL INFORMATION | |
| fixed length control field | 260511b |||||||| |||| 00| 0 eng d |
| 020 ## - INTERNATIONAL STANDARD BOOK NUMBER | |
| International Standard Book Number | 9780008651305 |
| 040 ## - CATALOGING SOURCE | |
| Original cataloging agency | Kenya National Library Service |
| 082 ## - DEWEY DECIMAL CLASSIFICATION NUMBER | |
| Classification number | 823.92 FOR |
| 100 ## - MAIN ENTRY--PERSONAL NAME | |
| Personal name | Ford, Harper |
| 245 ## - TITLE STATEMENT | |
| Title | Divorced not dead / |
| Statement of responsibility, etc. | Harper Ford. |
| 300 ## - PHYSICAL DESCRIPTION | |
| Extent | 374 pages ; |
| Dimensions | 20 cm |
| 520 ## - SUMMARY, ETC. | |
| Summary, etc. | The novel follows Frankie, a fifty-year-old divorced woman rebuilding her life after the end of a long marriage. As she enters the world of online dating, friendships, and self-discovery, the story combines humor, romance, and themes of independence, middle age, and personal reinvention. |
| 650 ## - SUBJECT ADDED ENTRY--TOPICAL TERM | |
| Topical term or geographic name entry element | Divorced women -- Fiction |
| 650 ## - SUBJECT ADDED ENTRY--TOPICAL TERM | |
| Topical term or geographic name entry element | Online dating -- Fiction |
| 942 ## - ADDED ENTRY ELEMENTS (KOHA) | |
| Source of classification or shelving scheme | Dewey Decimal Classification |
| Koha item type | Books |
| Suppress in OPAC | No |
| Withdrawn status | Source of classification or shelving scheme | Damaged status | Not for loan | Home library | Current library | Date acquired | Source of acquisition | Cost, normal purchase price | Total checkouts | Full call number | Barcode | Date last seen | Price effective from | Koha item type |
|---|---|---|---|---|---|---|---|---|---|---|---|---|---|---|
| Dewey Decimal Classification | Information Access | Acquisition, Cataloguing, Classification and Distribution Development | 05/11/2026 | BAI | 1124.00 | 823.92 FOR | B231365 | 05/11/2026 | 05/11/2026 | Books |
